Introduction to modeling in physiology and medicine (Record no. 31850)
[ view plain ]
| 000 -LEADER | |
|---|---|
| fixed length control field | 00645nam a2200157 a 4500 |
| 008 - FIXED-LENGTH DATA ELEMENTS--GENERAL INFORMATION | |
| fixed length control field | 160229s2008 ||||||||||||||||| || u |
| 020 ## - INTERNATIONAL STANDARD BOOK NUMBER | |
| International Standard Book Number | 9780121602406 |
| 050 ## - LIBRARY OF CONGRESS CALL NUMBER | |
| Classification number | QP 34.5 Cob |
| 100 ## - MAIN ENTRY--PERSONAL NAME | |
| Personal name | Cobelli, Claudio |
| 245 10 - TITLE STATEMENT | |
| Title | Introduction to modeling in physiology and medicine |
| Statement of responsibility, etc. | By Claudio Cobelli and Ewart Carson |
| 260 ## - PUBLICATION, DISTRIBUTION, ETC. | |
| Place of publication, distribution, etc. | Amsterdam |
| Name of publisher, distributor, etc. | Academic Press/Elsevier |
| Date of publication, distribution, etc. | 2008 |
| 300 ## - PHYSICAL DESCRIPTION | |
| Extent | xii, 324p.: ill. |
| 350 ## - | |
| -- | 114.00 |
| 650 ## - SUBJECT ADDED ENTRY--TOPICAL TERM | |
| Topical term or geographic name entry element | PHYSIOLOGY -- MEDICINE |
| 995 ## - | |
| -- | MEDICAL LIBRARY OPEN ACCESS |
| -- | 903362 |
| -- | CBU-SCHOOL OF MEDICINE LIBRARY (Ndola) |
| -- | 114.00 |
| -- | QP 34.5 Cob |
| -- | 1 |
| -- | AVAILABLE |
| -- | Mar 14, 2016 |
| -- | 903362 |
| -- | Medical Library Open Access Collection |
| 999 ## - | |
| -- | 31850 |
| -- | 31850 |
| Withdrawn status | Lost status | Source of classification or shelving scheme | Damaged status | Not for loan | Permanent Location | Current Location | Shelving location | Date acquired | Total Checkouts | Full call number | Barcode | Date last seen | Price effective from | Koha item type |
|---|---|---|---|---|---|---|---|---|---|---|---|---|---|---|
| CBU-SCHOOL OF MEDICINE LIBRARY, NDOLA. | CBU-SCHOOL OF MEDICINE LIBRARY, NDOLA. | 11/30/2022 | QP 34.5 Cob | 903362 | 11/30/2022 | 11/30/2022 | MONOGRAPH |